Statistics for Dutch provinces and capitals

Click here to take the quiz!

General Stats

  • This quiz has been taken 19 times
  • The average score is 11 of 12

Answer Stats

HintAnswer% Correct
Noord-BrabantDen Bosch
100%
GroningenGroningen
94%
Noord-HollandHaarlem
94%
UtrechtUtrecht
94%
FrieslandLeeuwarden
88%
FlevolandLelystad
88%
LimburgMaastricht
88%
GelderlandArnhem
81%
DrentheAssen
81%
Zuid-HollandDen Haag
81%
ZeelandMiddelburg
81%
OverijsselZwolle
81%

Score Distribution

Percentile by Number Answered

Percent of People with Each Score

Your Score History

You have not taken this quiz